<?xml version="1.0" encoding="UTF-8"?>
<collection xmlns="http://www.loc.gov/MARC21/slim">
 <record>
  <leader>00580nam a22001695a 4500</leader>
  <controlfield tag="001">EHU.bham015708</controlfield>
  <controlfield tag="008">130507s1958##################000#0#####d</controlfield>
  <controlfield tag="005">20250131094954.0</controlfield>
  <datafield tag="245" ind1="1" ind2="0">
   <subfield code="a">Estudios de psicología primitiva :</subfield>
   <subfield code="b">el complejo de Edipo /</subfield>
   <subfield code="c">Bronislaw Malinowski ; pref. de Gino Germani.</subfield>
  </datafield>
  <datafield tag="260" ind1=" " ind2=" ">
   <subfield code="a">Buenos Aires :</subfield>
   <subfield code="b">Paidós,</subfield>
   <subfield code="c">1958.</subfield>
  </datafield>
  <datafield tag="300" ind1=" " ind2=" ">
   <subfield code="a">279 p.</subfield>
  </datafield>
  <datafield tag="100" ind1="1" ind2=" ">
   <subfield code="a">Malinowski, Bronislaw</subfield>
  </datafield>
  <datafield tag="700" ind1="1" ind2=" ">
   <subfield code="a">Germani, Gino, pref.</subfield>
  </datafield>
  <datafield tag="082" ind1="1" ind2="6">
   <subfield code="a">163.4 M295 CN228</subfield>
  </datafield>
  <datafield tag="653" ind1=" " ind2=" ">
   <subfield code="a">Psicología</subfield>
  </datafield>
  <datafield tag="653" ind1=" " ind2=" ">
   <subfield code="a">Psicoanálisis</subfield>
  </datafield>
  <datafield tag="859" ind1=" " ind2=" ">
   <subfield code="a">AR-BHAM</subfield>
   <subfield code="b">BIB. HUMANIDADES - CONICET</subfield>
   <subfield code="h">163.4</subfield>
   <subfield code="i">M295</subfield>
   <subfield code="p">1.61</subfield>
   <subfield code="t">Ej.1</subfield>
   <subfield code="v">CN228</subfield>
  </datafield>
 </record>
</collection>
